000
00342nam a2200133Ia 4500
003
GCL
008
140319s9999 xx 000 0 ara d
040
_a
GCL /
_c
GCL
082
0
4
_a
343.094ح ج
245
1
0
_a
جرائم المرور
260
_a
[S.N] :
_b
منشاة المعارف الاسلامية ،
_c
1986
300
_a
148 ص
490
_a
999
_c
54959
_d
54959